Statistics for Countries Closest to Iceland - 30 Second Sprint

Click here to take the quiz!

General Stats

  • This quiz has been taken 46 times
  • The average score is 11 of 20

Answer Stats

kmcountrymiles% Correct
969Norway602
98%
783United Kingdom487
98%
1472Denmark915
95%
1239Sweden770
93%
1501Finland933
85%
1079Ireland671
76%
1639Canada1018
73%
1815Russia1128
66%
1632Germany1014
63%
1773France1101
61%
1657Netherlands1030
59%
1783Belgium1108
51%
285Greenland177
37%
434Faroe Islands270
32%
1971Poland1224
32%
1949Estonia1211
27%
2024Latvia1257
27%
1989Luxembourg1236
20%
2103Lithuania1307
12%
2209Czechia1373
2%

Score Distribution

Percentile by Number Answered

Percent of People with Each Score

Your Score History

You have not taken this quiz